000 00681nam a2200205Ii 4500
003 JO-AjNU
008 230605s9999||||xx |||||||||||||| ||und||
020 _a9957-18-004-6
040 _aJO-AjNU
_bara
_erda
_cJO-AjNU
041 _aara
050 1 4 _aDS150.5.S26 2000
100 3 _aتاليف السماك، محمد,
_eauthor
_956517
245 0 0 _aالصهيونية المسيحية
264 3 1 _aعمان: دار النفائس للطباعة والنشر ةالتوزيع، 2000
300 _a189ص
336 _atext
_btxt
_2rdacontent
337 _aunmediated
_bn
_2rdamedia
338 _avolume
_bnc
_2rdacarrier
650 4 _aالصهيونية والمسيحية
_956518
999 _aA25271
_c28839
_d28839